Przedmioty maturalne - Statystyki

Ogólne statystyki
  • Ten quiz został rozwiązany 44 razy
  • Średni wynik to 22 z 27
Statystyki odpowiedzi
Typ Przedmiot % Poprawnych
język obcy nowożytny angielski
100%
obowiązkowe matematyka
98%
dodatkowe matematyka
98%
język obcy nowożytny niemiecki
98%
język obcy nowożytny niemiecki
98%
język mniejszości narodowej niemiecki
98%
obowiązkowe polski
95%
dodatkowe polski
95%
język obcy nowożytny rosyjski
95%
dodatkowe biologia
93%
dodatkowe chemia
93%
język obcy nowożytny hiszpański
88%
język regionalny kaszubski
88%
dodatkowe fizyka
83%
dodatkowe geografia
83%
dodatkowe historia
83%
dodatkowe historia muzyki
83%
dodatkowe historia sztuki
83%
język mniejszości narodowej ukraiński
83%
język obcy nowożytny włoski
79%
dodatkowe wiedza o społeczeństwie
74%
dodatkowe informatyka
64%
język mniejszości narodowej białoruski
48%
język mniejszości etnickiej łemkowski
48%
dodatkowe filozofia
40%
język mniejszości narodowej litewski
33%
dodatkowe łaciński
31%
Nie znaleziono quizów pasujących do podanych kryteriów
Rozkład punktacji
Procent ludzi z każdym wynikiem
Percentyl według liczby udzielonych odpowiedzi
Twoja historia wyników
Nie rozwiązałeś tego quizu